000 00625nam a22001937a 4500
005 20251108172707.0
008 250721s2001 xx 000 0 ara d
082 1 4 _aم/260/سرخ
100 1 _aالسرخسي، أبو بكر محمد بن أحمد
_eمؤلف
245 1 0 _aكتاب المبسوط /
264 1 _aبيروت :
_bدار الكتب العلمية،
_c2001.
300 _aج
650 1 7 _aالفقه الإسلامي
650 1 7 _aأصول الفقه
650 1 7 _aفقه السنة
700 1 _aالشافعي، أبو عبد الله محمد حسن
_eمحقق
942 _2ddc
_cREF
999 _c86099
_d86099